000 00699nam a2200253Ia 4500
003 OSt
005 20220924131447.0
006 a|||||r|||| 00| 0
007 ta
008 220923b |||||||| |||| 00| 0 san d
024 _a247684
037 _cTextual
040 _aARTS
_cARTS
_bsan
041 _2san
_asan
082 _aO15:g(R5), 152K7.1
100 _aPanday Kantichandra
_9202039
245 0 _aSawtantra kala shastra
260 _aVaranasi
_bChowkhambha Sanskrit Series India
_c1967
300 _a670p.
_ccm.
490 _vVol. 1
650 _aSANSKRIT LITERATURE
942 _hO15:g(R5), 152K7.1
_cTEXL
_2CC
999 _c427212
_d427212